History Quiz

Random History or Country Quiz

Sovereign States of the World: 1840 Quiz Stats

Quiz not verified by Sporcle

Challenge
Share
Tweet
Embed
Score 0/172 Timer 13:00
0 Plays Today
Status/Government Style Sovereign State % Correct
KingdomFrance
92%
EmpireAustria
88%
EmpireChina/Great Ming Empire
88%
Feudal Stratocracy, ShogunateJapan/Tokugawa shogunate
88%
Empire, Monarchy, Sublime StateOttoman Empire
88%
KingdomSpain
88%
KingdomUnited Kingdom of Great Britain and Ireland
88%
Confederation, Federal RepublicArgentina
84%
EmpireBrazil
84%
United States, Federal RepublicMexico
84%
KingdomNorway
84%
KingdomPortugal
84%
EmpireRussia
84%
KingdomSweden
84%
Union, Federated RepublicUnited States of America
84%
RepublicChile
80%
Principality, DiarchyAndorra
76%
KingdomBelgium
76%
KingdomDenmark
76%
RepublicEcuador
76%
RepublicHonduras
76%
Principality, Constitutional MonarchyMonaco
76%
RepublicParaguay
76%
Empire, Constitutional Monarchy, Sublime StatePersia
76%
Kingdom, Constitutional MonarchyPrussia
76%
ConfederationSwitzerland
76%
Republic (also called Eastern Republic)Uruguay
76%
United States, Federal RepublicVenezuela
76%
RepublicCosta Rica
72%
RepublicEl Salvador
72%
KingdomJoseon/Great Joseon State
72%
Principality, Constitutional MonarchyLiechtenstein
72%
KingdomNetherlands
72%
KingdomGreece
68%
RepublicGuatemala
68%
RepublicHaiti
68%
Thoecratic Absolute Elective MonarchyPapal States
68%
RepublicPeru
68%
Most Serene RepublicSan Marino
68%
Grand Duchy, Constitutional MonarchyLuxembourg
64%
KingdomSiam
64%
KingdomBavaria
60%
RepublicBolivia
60%
EmpireEthiopia
60%
RepublicNicaragua
60%
SultanateMorocco
52%
KingdomNepal
52%
PrincipalitySerbia
52%
Emirate, Theocratic Absolute MonarchyAfghanistan
48%
KingdomBhutan
48%
Kingdom, Constitutional MonarchyHanover
48%
Grand Duchy, Absolute MonarchyTuscany
48%
Kingdom, Constitutional MonarchySardinia
44%
Kingdom, Constitutional MonarchyKingdom of Saxony
44%
Grand Duchy, ConfederationBaden
40%
Sultanate, Absolute MonarchyNation of Brunei, the Abode of Peace
40%
KingdomBurma
40%
Free CityHamburg
40%
Status/Government Style Sovereign State % Correct
Free City, Hanseatic CityFree City of Lübeck
40%
KingdomTonga
40%
Kingdom, Absolute MonarchyKingdom of the Two Sicilies
40%
Free Hanseatic CityFree Hanseatic City of Bremen
36%
KingdomCambodia
36%
KingdomDahomey
36%
Grand Duchy, Confederation, Constitutional MonarchyGrand Duchy of Hesse and by Rhine
36%
Kingdom, MonarchyJanjero
36%
PrincipalityMontenegro
36%
KingdomSamoa
36%
Kingdom, EmpireZululand/Kingdom of the Zulus
36%
EmpireBenin
32%
KingdomFiji
32%
KingdomHawaii
32%
Kingdom, Vassal KingdomKongo
32%
KingdomWürttemberg
32%
DuchyHolstein
28%
EmpireKong
28%
Duchy, Constitutional MonarchyDuchy of Saxe-Coburg and Gotha
28%
ChogyalateChogyalate of Sikkim
28%
Empire, Union, MonarchyAsante Union/Ashanti Empire
24%
Emirate, Absolute MonarchyBukhara
24%
SultanateMaldives
24%
Duchy, PrincipalityDuchies of Modena and Reggio
24%
Duchy, PrincipalityDuchy of Parma, Piacenza and Guastalla
24%
DuchyDuchy of Schleswig
24%
Empire, Realm, DynastyAnnam
20%
KingdomBurundi
20%
Free City, RepublicFrankfurt
20%
PrincipalityPrincipality of Lippe-Detmoldt
20%
PrincipalityMoldavia
20%
KingdomRwanda
20%
Kingdom, SultanateKingdom of Aceh Darussalam
20%
KingdomBuganda
16%
Khanate, Absolute MonarchyKhiva
16%
Duchy, Constitutional MonarchyNassau
16%
Grand Duchy, Constitutional MonarchyOldenburg
16%
Duchy, PrincipalityDuchy of Saxe-Meiningen
16%
Kingdom, Absolute MonarchyTahiti
16%
Constitutional RepublicRepublic of Texas
16%
Duchy, PrincipalityAnhalt-Bernburg
12%
Duchy, PrincipalityAnhalt-Dessau
12%
Confederacy, Constitutional MonachyAro
12%
EmpireBornu
12%
Duchy, Constitutional MonarchyBrunswick
12%
KingdomBunyoro-Kitara
12%
Imamate, TheocracyFuta Jallon
12%
Imamate, MonarchyFuta Toro
12%
Emirate, MonarchyHa'il/Emirate of Jabal Shammar/Emirate of The House of Rashīd
12%
Electorate, Absolute MonarchyElectorate of Hesse/Hesse-Kassel
12%
KhanateKokand
12%
EmpireOyo
12%
Empire, Federal MonarchyPunjab/Sikh Empire
12%
PrincipalityReuss Elder Line
12%
PrincipalityPrincipality of Schaumburg-Lippe
12%
KingdomAnkole
8%
KingdomAnziku
8%
EmpireBambara
8%
Status/Government Style Sovereign State % Correct
KingdomBaol
8%
KingdomCayor
8%
KingdomGaro
8%
KingdomGomma
8%
KingdomGumma
8%
Princely StateHyderabad State
8%
Sultanate, EmpireJohor
8%
KingdomJolof
8%
EmpireKaabu
8%
Kingdom, MonarchyKaffa
8%
KingdomKhasso
8%
KingdomKingdom of Koya
8%
KingdomLimmu-Ennarea
8%
KingdomLoango
8%
Kingdom, EmpireLuba
8%
KingdomLunda
8%
Sultanate, Absolute MonarchySultanate of Maguindanao
8%
Empire, CaliphateDina of Massina
8%
KingdomManipur
8%
Grand Duchy, Constitutional MonarchyGrand Duchy of Mecklenburg-Schwerin
8%
Grand DuchyGrand Duchy of Mecklenburg-Strelitz
8%
Empire, SultanateOuaddai Empire
8%
SultanatePahang
8%
SultanatePerak
8%
KingdomRapa Nui
8%
KingdomRyūkyū
8%
Duchy, PrincipalityDuchy of Saxe-Altenburg
8%
Grand Duchy, PrincipalityGrand Duchy of Saxe-Weimar-Eisenach
8%
PrincipalityPrincipality of Schwarzburg-Rudolstadt
8%
PrincipalityPrincipality of Schwarzburg-Sondershausen
8%
Imperial Caliphate, Theological MonarchySokoto Caliphate
8%
PrincipalityPrincipality of Waldeck and Pyrmont
8%
Sultanate, KingdomSultanate of Bagirmi
4%
KingdomBangli
4%
KingdomBaustoland
4%
KingdomGera
4%
Landgraviate, PrincipalityLandgraviate of Hesse-Homburg
4%
PrincipalityPrincipality of Hohenzollern-Hechingen
4%
PrincipalityPrincipality of Hohenzollern-Sigmaringen
4%
KingdomJimma
4%
DuchyLimburg
4%
KingdomMatebeleland
4%
RepublicNatalia
4%
PrincipalityReuss Junior Line
4%
SultanateSelangor
4%
SultanateSulu
4%
KingdomWelayta
4%
Duchy, PrincipalityAnhalt-Köthen
0%
EmpireComancheria
0%
KingdomKénédougou Kingdom
0%
RepublicNew Grenada
0%
KingdomToro
0%
Empire, CaliphateToucouleur Empire/Tijaniyya Jihad state
0%
United States, Republic, Amical ProtectorateUnited States of the Ionian Islands
0%
Kingdom, MicronationTavolara
0%
RepublicRiograndense Republic
0%

You're not logged in!

Compare scores with friends on all Sporcle quizzes.
Sign Up with Email
OR
Log In

You Might Also Like...

Show Comments

Extras

Top Quizzes Today


Score Distribution

Your Account Isn't Verified!

In order to create a playlist on Sporcle, you need to verify the email address you used during registration. Go to your Sporcle Settings to finish the process.